000
00290nam a22001337a 4500
008
180315b xxu||||| |||| 00| 0 eng d
020
_a
0871508672
041
_a
eng
080
_a
51
100
_a
36
101
_a
MAT
245
_a
ELEMENTRY LINEAR ALGEBRA
_c
VENIT.S
942
_2
udc
_c
BK
999
_c
45114
_d
45114